Palubný počítač formou mobilnej aplikácie

Gespeichert in:
Bibliographische Detailangaben
1. Verfasser: Košút, Matej (Verfasst von)
Weitere Verfasser: Bisták, Pavol (Betreuung Doktorarbeit)
Format: Manuskript Buch
Sprache:Slowakisch
Veröffentlicht: 2018
Schlagworte:
Online-Zugang:http://is.stuba.sk/zp/portal_zp.pl?podrobnosti=136637
Tags: Tag hinzufügen
Keine Tags, Fügen Sie das erste Tag hinzu!

MARC

LEADER 00000ntm a22000003a 4500
001 stuzp68292
003 SK-STU
005 20181214122309.7
007 ta
008 150427s2015----xo-----f-mn---000-0-slo-d
040 |a STU  |b slo 
041 0 |a slo 
044 |a xo 
100 1 |a Košút, Matej  |u 035000  |4 aut  |U FEI Fakulta elektrotechniky a informatiky  |T FEI Ústav informatiky a matematiky  |X 72862  |U E050  |Y 816  |7 72862 
242 0 1 |a On-Board Computer in the Form of Mobile Application  |y eng 
245 1 0 |a Palubný počítač formou mobilnej aplikácie 
260 |c 2018 
300 |a 63 s., príl., CD-ROM 
650 4 |a počítač  |2 slo 
650 4 |a pi  |2 slo 
650 4 |a dron  |2 slo 
650 4 |a raspberry  |2 slo 
650 4 |a palubný  |2 slo 
650 4 |a drone  |2 eng 
650 4 |a raspberry  |2 eng 
650 4 |a pi  |2 eng 
650 4 |a onboard  |2 eng 
650 4 |a computer  |2 eng 
700 1 |a Bisták, Pavol  |u 030400  |k Z1  |4 ths  |U FEI Fakulta elektrotechniky a informatiky  |T FEI Ústav automobilovej mechatroniky  |X 3708  |U E400  |Y 642  |7 A000003708 
856 4 |u http://is.stuba.sk/zp/portal_zp.pl?podrobnosti=136637 
996 |b 284EP12128  |c E*DIPL- 12128  |l EE35  |s P  |a 0  |w stuzp68292_0001